000 00212nam a22000857a 4500
008 161210b xxu||||| |||| 00| 0 eng d
100 _91982
_aGarg.P.K.
245 _aQ.R. Mathematics-XII
260 _aNew Delhi
_bABD
_c2011
999 _c4792
_d4792